000 05199namaa22004091i 4500
003 OSt
005 20260118115856.0
008 250827s2025 ua a|||frm||| 000 0 eng d
040 _aEG-GICUC
_bara
_cEG-GICUC
_dEG-GICUC
_erda
041 0 _aara
_bara
_beng
049 _aإيداع
082 0 4 _a155.33
092 _a155.33
_221
097 _aمــــاجستير
099 _aCai01.02.11.M.Sc.2025.جه.د
100 0 _a،جهاد أشرف محمد
_eإعداد.
245 1 0 _aدور الأليكسيثيميا ونوعية الحياة الأسرية في التنبؤ بإيذاء الذات لدى المراهقات ذوات مظاهر اضطَّراب الشخصية الحدية /
_cإعداد جهاد أشرف محمد؛ إشراف أ.د/ شعبان جاب الله رضوان.
246 1 5 _aThe role of alexithymia and quality of family life in predicting self-injury among female adolescents with manifestations of borderline personality disorder /
264 0 _c2025.
300 _a189 صفحة :
_bإيضاحيات ؛
_c25 cm. +
_eCD.
336 _atext
_2rda content
337 _aUnmediated
_2rdamedia
338 _avolume
_2rdacarrier
502 _aأطروحة (ماجستير)-جامعة القاهرة، 2025.
504 _aببليوجرافيا: صفحات 151-176.
520 _aهدفت الدراسة الحالية إلى الكشف عن دور الأليكسيثيميا ونوعية الحياة الأسرية في التنبؤ بإيذاء الذات لدى المراهقات ذوات مظاهر اضطراب الشخصية الحدية, على عينة تكونت من (400) طالبة من المدارس الحكومية, وتكونت العينة الفرعية من (100) طالبة, ترواحت أعمارهن بين (14-18) سنة. وطُبق عليهم مقياس الأليكسيثيميا, ومقياس إيذاء الذات, ومقياس مظاهر اضطراب الشخصية الحدية وجميعهم من إعداد الباحثة, كما طُبق مقياس نوعية الحياة الأسرية, إعداد أمنية أحمد 2023, أسفرت النتائج عن عدم وجود علاقة بين الأليكسيثيميا و بين إيذاء الذات لدى المراهقات ذوات مظاهر اضطراب الشخصية الحدية.كما توصلت إلى وجود علاقة بين مكون التفكير الموجَّه للخارج وإيذات الذات.و كشفت النتائج أيضًا عن وجود علاقة ارتباطية سالبة بين نوعية الحياة الأسرية وبين إيذاء الذات. كما كشفت النتائج أن الأليكسيثيميا لم تُسهم في التنبؤ بإيذاء الذات, في حين أن مكون التفكير الموجَّه للخارج يُسهم في التنبؤ بإيذاء الذات. وتوصلت النتائج كذلك إلى أن الدرجة الكلية لنوعية الحياة الأسرية ومكوناتها الفرعية تُسهم في التنبؤ بإيذاء الذات لدى المراهقات ذوات مظاهر اضطراب الشخصية الحدية
520 _aThe current study aims to reveal the role of alexithymia and quality of family life in predicting self-injury among female adolescents with manifestations of borderline personality disorder.The main sample consisted of ( 400) female students from public schools, A subsample of (100) students. Their ages ranged between (14 to 18) years. They were administered a scale of alexithymia ,borderline personality disorder, and self-injury all by the prepared researcher-as well as a quality of family life prepared by Omnia Ahmed(2023). The results revealed no significant relationship between alexithymia and self-injury among Female Adolescents with Manifestations of Borderline Personality Disorder, and there were found a relationship between the component of externally oriented thinking and alexithymia and self-injury. The results also revealed that there is a negative relationship between quality of family life and self-injury.The results also found alexithymia contributes to no predicting self-injury, and that the externally oriented thinking component contributes to predicting self-injury. Moreover, the results also found that the total degree of quality of family life and its subcomponents contribute to pedicting the total degree of self-injury among female adolescents with manifestations of borderline personality disorder.
530 _aصدر أيضًا كقرص مدمج.
546 _aالنص بالعربية والملخص باللغة الإنجليزية والعربية.
650 7 _aعلم النفس الفروق
_2qrmak
653 0 _aالأليكسيثيميا
_aنوعية الحياة الأسرية
_aإيذاء الذات
700 0 _aشعبان جاب الله رضوان
_eمشرف أطروحة.
900 _b20-08-2025
_cشعبان جاب الله رضوان
_Uجامعة القاهرة
_Fكلية الآداب
_Dقسم علم النفس الإكلينيكي
905 _aSara
_eAfaf
942 _2ddc
_cTH
_e21
_n0
999 _c177085